00384nam a22001217a 4500008004100000020001600041050002100057100002600078245005800104260005000162300003000212650002000242170204b xxu||||| |||| 00| 0 eng d a01950224883 aNA2500 .A45 1979 aAlexander,Christopher aThe timeless way of building /cChristopher Alexander aNew York :b Oxford University Press, c1979. axv,552p. :bill. ;c21cm. a Architecture.